000
00306nam a2200121 a 4500
008
101208s1969|||| d
100
1
_a
Izakovičová, M.-Križanová, E.
245
1
0
_a
Slovenské hrady a kaštiele
260
_b
Šport
_a
Bratislava
_c
1969
020
_c
30
041
_a
slo
044
_a
xo
_c
SK
999
_c
14896
_d
14896